000 00998nam a22001817a 4500
003 OSt
005 20251111150552.0
008 251109b |||||||| |||| 00| 0 eng d
040 _cDCL
082 _a၂၉၄.၃၈၂၃၅၂၂
130 _aတိပိဋက။
_pသုတ္တန္တပိဋက။
_pခုဒ္ဒကနိကာယ။
_tထေရဂါထာ၊
_lပါဠိတော်၊
_sနိဿယ။
245 _aထေရဂါထာပါဠိတော်နိဿယ /
_cအသျှင်ဇာဂရမထေရ်။
264 _aမန္တလေး ၊
_bမန္တလေးတောင်ပိဋကတ်စာပုံနှိပ်တိုက်၊
_c၁၉၂၆။
300 _a၃၅၂ စာမျက်နှာ ၊
_c၂၅ စင်တီ။
650 _aထေရဂါထာ
_vပါဠိတော် နိဿယ။
700 _aဇာဂရမထေရ်၊ အသျှင်
942 _2ddc
_cSHORT TERM
_n0
999 _c2447
_d2447